| 000 | 01205cam a22002771i 4500 | ||
|---|---|---|---|
| 003 | SA-RiAUC | ||
| 005 | 20250515054317.0 | ||
| 008 | 250514s2005 su g b 00000dara c | ||
| 020 | _a9960476316 | ||
| 040 |
_aSA-MaUQU _bara _cSA-RiAUC _erda |
||
| 082 | 0 | 4 |
_a216.7 _qSA-RiAUC |
| 090 |
_a216.7 _b م ط ر |
||
| 100 | 1 |
_aالمطرفي، عويد بن عياد بن عايد، _d1353 هجري- _eمؤلف. |
|
| 245 | 1 | 2 |
_aالسيف المسلول في الذب عن الرسول صلى الله عليه وسلم / _cتأليف عويد بن عياد بن عايد الكحيلي المطرفي. |
| 250 | _aالطبعة الثالثة. | ||
| 264 | 1 |
_aمكة المكرمة : _bالمكتبة الفيصلية، _c[2005] |
|
| 300 |
_a250 صفحة ؛ _c24 سم |
||
| 336 |
_aنص _btxt _2rdacontent _3كتاب |
||
| 337 |
_aبدون وسيط _bn _2rdamedia |
||
| 338 |
_aمجلد _bnc _2rdacarrier |
||
| 504 | _aببليوجرافية : صفحة 226-235. | ||
| 600 | 0 | 7 |
_aمحمد (صلى الله عليه وسلم)، _d53 قبل الهجرة-11 هجري _2aucnm |
| 650 | 7 |
_aالسيرة النبوية _xدفع مطاعن _2aucsh |
|
| 942 |
_2ddc _cBOOK _n0 |
||
| 949 |
_aSA-JeALM _d250514 _uosman123 _n1 |
||
| 999 |
_c7910 _d7910 |
||